Normal view
MARC view
Entry Personal Name
001 - CONTROL NUMBER
- control field: 16839
003 - CONTROL NUMBER IDENTIFIER
- control field: ARRUPE
005 - DATE AND TIME OF LATEST TRANSACTION
- control field: 20150401105357.0
008 - FIXED-LENGTH DATA ELEMENTS
- fixed length control field: 150401|| aca||aabn | a|a d
040 ## - CATALOGING SOURCE
- Original cataloging agency: ARRUPE
- Transcribing agency: ARRUPE
100 ## - HEADING--PERSONAL NAME
- Personal name: Ushewokunze, H.S.M.
670 ## - SOURCE DATA FOUND
- Source citation: Work cat.: (ARRUPE)4570: Ushewokunze, H.S.M., An agenda for Zimbabwe, 1984